| 000 | 01150nmc a2200349 a 4500 | ||
|---|---|---|---|
| 003 | AR-BaBNM | ||
| 005 | 20251128205437.0 | ||
| 008 | 011101s1997 ||||||||||||||000 | spa|| | ||
| 020 | _a987-9145-04-6 | ||
| 040 | _cAR-BaBNM | ||
| 100 | 1 | _aCantini, José Luis | |
| 245 | 1 | 0 | _aLa autonomía y la autarquía de las universidades nacionales |
| 250 | _a1ª ed. | ||
| 260 |
_aBuenos Aires _bAcademia Nacional de Educación _c1997 |
||
| 300 | 0 | _a142 p. | |
| 490 | 0 |
_aEstudios _vv. 11 |
|
| 500 | 0 | _aPrincipales leyes y decretos citados: p. 4 | |
| 500 | 1 | _aContiene referencia a la Ley de Educación Superior, Número 24.521 | |
| 504 | _aBibliografía: p. 139-142 | ||
| 650 | 4 | _aUNIVERSIDADES | |
| 650 | 4 | _aADMINISTRACION UNIVERSITARIA | |
| 650 | 4 | _aENSENANZA UNIVERSITARIA | |
| 650 | 4 | _aPLANIFICACION DE LA UNIVERSIDAD | |
| 650 | 4 | _aTITULOS UNIVERSITARIOS | |
| 650 | 4 | _aPROFESORES UNIVERSITARIOS | |
| 653 | 0 | _aLEGISLACION EDUCATIVA | |
| 710 | 2 | _aAcademia Nacional de Educación [Buenos Aires] | |
| 800 | 1 |
_aAgulla, Juan Carlos _ecoordinador |
|
| 800 | 1 |
_aSalonia, Antonio Francisco _ecoordinador |
|
| 942 | _cBK | ||
| 998 | _csilvi | ||
| 999 |
_c11420 _d11420 |
||